[Event "Skopje op-B"]
[Site "Skopje"]
[Date "2024.12.17"]
[Round "9"]
[White "Ari, Yigitcan"]
[Black "Temkov, Blagoja"]
[Result "1-0"]
[WhiteElo "1526"]
[BlackElo "1894"]
[PlyCount "36"]
[EventDate "2024.12.11"]
[EventType "swiss"]
[EventRounds "9"]
[EventCountry "MKD"]
[SourceTitle "CB52_2024"]
[SourceDate "2024.12.25"]
[SourceVersion "1"]
[SourceVersionDate "2024.12.25"]
[SourceQuality "1"]

1. e4 e5 2. Nf3 Nc6 3. Bc4 Nf6 4. d3 h6 5. 0-0 Bc5 6. c3 a6 7. d4 Ba7 8. dxe5 Ng4 9. Bf4 b5 10. Bb3 Bb7 11. h3 Na5 12. Qd3 Nxb3 13. axb3 h5 14. hxg4 hxg4 15. Nh2 Qe7 16. Bg3 0-0-0 17. Na3 Bb6 18. Nc2 Qe6 1-0

[Event "Skopje op-B"]
[Site "Skopje"]
[Date "2024.12.15"]
[Round "6"]
[White "Riskin, Grigory"]
[Black "Ari, Yigitcan"]
[Result "1-0"]
[WhiteElo "1678"]
[BlackElo "1526"]
[PlyCount "71"]
[EventDate "2024.12.11"]
[EventType "swiss"]
[EventRounds "9"]
[EventCountry "MKD"]
[SourceTitle "CB52_2024"]
[SourceDate "2024.12.25"]
[SourceVersion "1"]
[SourceVersionDate "2024.12.25"]
[SourceQuality "1"]

1. e4 e6 2. d4 d5 3. Nc3 Nf6 4. e5 Nfd7 5. f4 c5 6. Nf3 Nc6 7. Be3 a6 8. a4 Qb6 9. Rb1 c4 10. Ne2 Qa5+ 11. c3 b5 12. axb5 axb5 13. b4 Qa2 14. g3 Qa3 15. Kf2 Nb6 16. Bh3 Qa7 17. Qc2 g6 18. g4 h5 19. gxh5 Rxh5 20. Bg4 Rh8 21. h4 Bd7 22. h5 Ne7 23. hxg6 Nxg6 24. Rxh8 Nxh8 25. Qh7 Ng6 26. Bh5 0-0-0 27. Qxf7 Ne7 28. Ng5 Nf5 29. Nxe6 Nh6 30. Qh7 Qa8 31. Nxf8 Bf5 32. Qxh6 Bxb1 33. Qxb6 Rxf8 34. Bg4+ Bf5 35. Bxf5+ Rxf5 36. Qe6+ 1-0